| 000 | 00669cad a22001935a 4500 | ||
|---|---|---|---|
| 001 | L123848 | ||
| 008 | 031003s2003 xxk 000 0 eng u | ||
| 020 | _a0110473647 | ||
| 035 | _a(Sirsi) u123848 | ||
| 110 | 2 |
_aUnited Kingdom _kLaws, etc. _95044 |
|
| 245 | 0 | 4 |
_aThe Land Registration (Referral to the Adjudicator to HM Land Registry) Rules 2003 _h[electronic resource] |
| 260 |
_aLondon _bHMSO _c2003 |
||
| 490 |
_aSI _v2003:2114 |
||
| 650 | _aLAND REGISTRATION ACT 2002 | ||
| 651 | 4 |
_aEngland and Wales _y1543- |
|
| 690 | _aPROPERTY | ||
| 856 |
_uhttps://www.legislation.gov.uk/uksi/2003/2114/contents/made _zClick to view at www.legislation.gov.uk |
||
| 942 | _n0 | ||
| 999 |
_c103104 _d103104 |
||